00469cam a2200169ua 45000010005000000080039000050200018000440400009000620820011000712450062000822500009001442600028001533000023001816530022002046530047002267000026002731110110428n ii |||gr||||Z||||||eng a81-86423-04-4 cMAIN a320.511 aConcepts in the social sciences liberalismcby John Gray a2nd. aDelhi:bWorld view,998. aviii, 113p.:c4cm. aPolitical science aConcepts in the social sciences liberalism aGray, John.,eAuthor.